Fundamental chiropractic ... (Record no. 38654)

MARC details
000 -LEADER
fixed length control field 00509cam a22002051 4500
001 - CONTROL NUMBER
control field med47002627
003 - CONTROL NUMBER IDENTIFIER
control field DLC
005 - DATE AND TIME OF LATEST TRANSACTION
control field 20260227111606.0
008 - FIXED-LENGTH DATA ELEMENTS--GENERAL INFORMATION
fixed length control field 810815s1947 xx a 000 0 eng
010 ## - LIBRARY OF CONGRESS CONTROL NUMBER
LC control number med47002627
035 ## - SYSTEM CONTROL NUMBER
System control number (OCoLC)14741559
040 ## - CATALOGING SOURCE
Original cataloging agency DLC
Transcribing agency DNLM
Modifying agency DLC
042 ## - AUTHENTICATION CODE
Authentication code premarc
050 00 - LIBRARY OF CONGRESS CALL NUMBER
Classification number RM730
Item number .A78
060 0# - NATIONAL LIBRARY OF MEDICINE CALL NUMBER
Classification number WB 905
Item number A829f 1947
100 1# - MAIN ENTRY--PERSONAL NAME
Personal name Ashton, Roy Stanley,
Dates associated with a name 1877-
245 10 - TITLE STATEMENT
Title Fundamental chiropractic ...
260 ## - PUBLICATION, DISTRIBUTION, ETC.
Place of publication, distribution, etc. [Brooklyn?]
Date of publication, distribution, etc. c1947.
300 ## - PHYSICAL DESCRIPTION
Extent 1 v.
Other physical details ill.

No items available.

Powered by Koha